| 000 | 00596npc a2200205Ia 4500 | ||
|---|---|---|---|
| 001 | db8-2034 [d000002140] | ||
| 003 | IT-MiCISF | ||
| 008 | 161014s9999||||xx | und|| | ||
| 040 |
_aIT-MiCISF _cIT-MiCISF |
||
| 041 | _ait | ||
| 100 | _aAA.VV. | ||
| 245 | 0 | _aBioetica con l'infanzia | |
| 250 | _a1a ed. | ||
| 260 |
_a Roma _bPresidenza del Consiglio dei Ministri _c1994 |
||
| 300 | _app. 81 | ||
| 500 | _aComitato Nazionale per la Bioetica / bioetica, coscienza, infanzia, educazione, salute, riabilitazione / | ||
| 650 | _abioetica | ||
| 942 | _cDD | ||
| 957 | _71 | ||
| 999 |
_a2034 _bsi _g1 _c208365 _d208365 |
||